Giáo trình tâm lý học đại cương
Trình bày những vấn đề chung của tâm lý học; Nhận thức và sự học; Đề cập đến nhân cách và sư hình thành nhân cách; Sự sai lệch hành vi các nhân và hành vi xã hội
Đã lưu trong:
| Tác giả chính: | |
|---|---|
| Định dạng: | Sách |
| Năm xuất bản: |
Huế
[KNXB]
1996
|
| Chủ đề: | |
| Tags: |
Thêm thẻ
Không có thẻ, Hãy là người đầu tiên gắn thẻ bản ghi này!
|
| LEADER | 01445nam a2200205 4500 | ||
|---|---|---|---|
| 082 | |a 150 |b NG527QU | ||
| 100 | |a Nguyễn Quang Uẩn | ||
| 245 | |a Giáo trình tâm lý học đại cương |c Nguyễn Quang Uẩn, Trần Hữu Luyến, Trần Quốc Thành | ||
| 260 | |a Huế |b [KNXB] |c 1996 | ||
| 300 | |a 176 tr. |c 21 cm | ||
| 520 | |a Trình bày những vấn đề chung của tâm lý học; Nhận thức và sự học; Đề cập đến nhân cách và sư hình thành nhân cách; Sự sai lệch hành vi các nhân và hành vi xã hội | ||
| 653 | |a Tâm lý học | ||
| 653 | |a Giáo trình | ||
| 942 | |2 ddc |c STK0 | ||
| 999 | |c 8300 |d 8300 | ||
| 952 | |0 0 |1 0 |2 ddc |4 0 |6 150_000000000000000_NG527QU |7 0 |8 100 |9 69652 |a qbu |b qbu |c D2 |d 2015-04-06 |o 150 NG527QU |p 7590.c1 |r 0000-00-00 |w 2015-04-06 |y STK0 | ||
| 952 | |0 0 |1 0 |2 ddc |4 0 |6 150_000000000000000_NG527QU |7 0 |8 100 |9 69653 |a qbu |b qbu |c D2 |d 2015-04-06 |l 1 |m 1 |o 150 NG527QU |p 7590.c2 |r 2016-01-11 |s 2015-12-21 |w 2015-04-06 |y STK0 | ||
| 952 | |0 0 |1 0 |2 ddc |4 0 |6 150_000000000000000_NG527QU |7 0 |8 100 |9 69654 |a qbu |b qbu |c D2 |d 2015-04-06 |l 5 |o 150 NG527QU |p 7590.c3 |r 2018-06-15 |s 2018-06-14 |w 2015-04-06 |y STK0 | ||
| 952 | |0 0 |1 0 |2 ddc |4 0 |6 150_000000000000000_NG527QU |7 0 |8 100 |9 69655 |a qbu |b qbu |c D2 |d 2015-04-06 |l 4 |o 150 NG527QU |p 7590.c4 |r 2018-06-13 |s 2018-05-29 |w 2015-04-06 |y STK0 | ||
| 952 | |0 0 |1 0 |2 ddc |4 0 |6 150_000000000000000_NG527QU |7 0 |8 100 |9 69656 |a qbu |b qbu |c D2 |d 2015-04-06 |l 2 |o 150 NG527QU |p 7590.c5 |r 2018-06-19 |s 2018-06-14 |w 2015-04-06 |y STK0 | ||